| 000 | 00863cam a2200265 i 4500 | ||
|---|---|---|---|
| 001 | 42567 | ||
| 003 | Mx-PuUPA | ||
| 005 | 20240919125908.0 | ||
| 008 | 140415s1998 nyu gr 000 0 eng d | ||
| 020 |
_a0300072945 _qencuadernado en tela _qpapel alcalino |
||
| 040 |
_aMx-PuUPA _cMx-PuUPA _bspa _dMx-PuUPA _erda |
||
| 041 | 0 | _aeng | |
| 100 | 1 |
_aPolkinghorne, J. C., _d1930-2021 _9293 _eautor |
|
| 245 | 1 | 0 |
_aBelief in god in : _can age of science / _bJohn Polkinghorne |
| 264 | 1 |
_aNew York : _bYale University, _c©1998 |
|
| 300 |
_axv, 133 páginas ; _c22 cm |
||
| 336 |
_2rdacontent _atexto _btxt |
||
| 337 |
_2rdamedia _asin medio _bn |
||
| 338 |
_2rdacarrier _avolumen _bnc |
||
| 490 | 0 | _aterry Lecture Series | |
| 650 | 7 |
_2armarc _aReligión y ciencia |
|
| 942 |
_2ddc _cLI _h261.55 _iP763 |
||
| 999 |
_c42567 _d42567 |
||